Choose the Odd Ones Out #1 - Statistics

General Stats
  • This quiz has been taken 58 times
  • The average score is 38 of 45
Answer Stats
Question Tile Select % Correct
Countries Afghanistan No
96%
Countries Denmark No
96%
Countries Yemen No
96%
Even numbers 8 No
94%
Actors / Actresses Chris Pratt No
94%
Dog breeds Jack Russell Terrier No
94%
Actors / Actresses Tom Holland No
94%
Even numbers 2 No
92%
Even numbers 4 No
92%
Even numbers 6 No
92%
Even numbers 9 Yes
92%
Actors / Actresses Adam Sandler No
92%
Dog breeds Beagle No
92%
Countries Chad No
92%
US Presidents Clinton No
92%
Dog breeds Collie No
92%
Dog breeds German Shepard No
92%
Even numbers 7 Yes
91%
Countries Denver Yes
91%
Countries Dover Yes
91%
Actors / Actresses Dwayne Johnson No
91%
Countries Georgia No
91%
US Presidents Obama No
91%
Dog breeds Poodle No
91%
Even numbers 5 Yes
89%
Countries Washington Yes
89%
Even numbers 1 Yes
87%
Countries Florida Yes
87%
US Presidents Overbay Yes
87%
Even numbers 3 Yes
85%
US Presidents Adams No
85%
US Presidents Beffery Yes
85%
Actors / Actresses Bon Jovi Yes
85%
US Presidents Linares Yes
85%
US Presidents Ford No
77%
US Presidents Monroe No
77%
Dog breeds Jersey Yes
74%
US Presidents Clint Yes
72%
Dog breeds Herford Yes
68%
Dog breeds Holstein Yes
68%
Actors / Actresses Roddy Ricch Yes
68%
Dog breeds Highland Yes
60%
Actors / Actresses Harry Styles Yes
57%
Actors / Actresses Luke Bryan Yes
38%
Actors / Actresses Luke Combs Yes
38%
No matching quizzes found
Score Distribution
Percent of People with Each Score
Percentile by Number Answered
Your Score History
You have not taken this quiz